Statistiques concernant Anglais - Childhood

Cliquez ici pour prendre le quiz!

Statistiques générales

  • Ce quiz a été pris 12 fois
  • Le résultat moyen est 11 sur 54

Statistiques - réponses

QuestionsRéponses% Correct
Arc-en-cielRainbows
70%
Like father, like sonTel père, tel fils
70%
FranginBro
50%
CendrillonCinderella
50%
Le Père NoëlFather Christmas | Santa Claus
50%
La fête des MèresMother’s Day
50%
GuidesGuides
40%
ÉclaireursScouts
40%
FrangineSis
40%
Un gamin, un gosse (littéralement: un chevreau)A kid
30%
Un jeune garçon, un garsA lad
30%
CastorsBeavers
30%
Papa et MamanMum and Dad
30%
Un enfant (en dialecte écossais et dû du nord de l’Angleterre)A bairn
20%
Un marmot (mal élevé), un moutardA brat
20%
Une jeune fille (en dialecte écossais)A lass
20%
Un homme âgé qui « protège » une jeune fille , un vieux protecteurA sugar Daddy
20%
Association créée par Lord Baden-Powell (en 1908) afin de donner aux jeunes le goût de l’aventure et le sens des responsabilités. Les jeunes garçons sont répartis, des plus jeunes aux plus âgés en beavers, cubs, ou scouts.Boy Scouts
20%
FarfadetsBrownies
20%
It runs in the familyC’est de famille !
20%
Petits d’animauxCubs
20%
NainDwarve
20%
Fin de partie (dans les jeux vidéos et électroniques)Game over
20%
The child is father to the manL’enfant est le père de l’homme
20%
Le Petit Chaperon rougeLittle Red Riding Hood
20%
GardesRangers
20%
Le grand méchant loupThe Big Bad Wolf
20%
Un chouchou/ une chouchoutteA blue-eyed boy/girl
10%
Un bon père de familleA family man
10%
Une horloge comtoiseA grandfather clock
10%
Un appartement aménagé pour accueillir une personne âgéeA granny flat
10%
Un petit garçon à sa mamanA mother’s boy
10%
Journaliste chargée du courrier de cœur dans un magazineAn Agony Aunt
10%
Un polisson, un garnementAn urchin
10%
Spectacle pour enfants donné à Noël dans lequel le héros est joué par une femme tandis que la femme mûre (« the dame ») est interprétée par un homme. La participation du public est un élément essentiel du spectacle.A pantomime
10%
Une infirmière en chefA sister
10%
Les spectaclesEntertainment
10%
Les Guides, équivalent féminin des Scouts. Les filles sont réparties en quatre groupes: les rainbows, brownies, guides et rangers.Girl Guides
10%
To suck eggsGober des œufs
10%
Don’t teach your grandmother to suck eggsOn n’apprend pas à un vieux singe à faire la grimace
10%
Spectacle traditionnel de marionnettes, inspiré de la Commedia dell’arte. Punch le bossu en est le héros, en compagnie de sa femme Judy, sans oublier le chien Tobi.Punch and Judy show
10%
Le Chat bottéPuss in Boots
10%
Spare the rod and spoil the childQui aime bien, châtie bien
10%
Blanche-Neige et les Sept NainsSnow-White and the Seven Dwarves
10%
L’affaire est à l’eau, les carottes sont cuitesThe game is up
10%
Association britannique pour la protection des enfants maltraités fondé par Thomas Agnès en avril 1883 (acronyme accepté).The NSPCC (National Society for the Prevention of Cruelty to Children)
10%
Organisme fondé en 1919 par Eglantyne Jebb et sa sœur Dorothy Buxton, dont le but est d’améliorer la condition des enfants. Ses modalités d’intervention varient selon les pays.The Save the Children Fund
10%
Le Vilain Petit CanardThe Ugly Duckling
10%
Être sur le point de gagnerTo have the game in one’s hands
10%
Tom PouceTom Thumb
10%
Se montrer coopératif avec quelqu’unTo play ball with somebody
10%
Faire le jeu de quelqu’unTo play into somebody’s hands
10%
Jouer sa carte maîtresseTo play one’s ace
10%
A rodUne badine
10%

Distribution des résultats

Percentile par nombre de réponses

% des personnes avec chaque résultat

Votre développement - résultats

Vous n’avez pas pris ce quiz